Genshin Impact - Trouvez les personnages 4 étoiles (mort subite) - Statistiques

Statistiques générales
  • Ce quiz a été pris 549 fois
    61 depuis la dernière actualisation
  • Le résultat moyen est 36 sur 50
Answers on the Grid
Answers color-coded by a green-red scale on the quiz's grid according to % correct below.
Aino
Albedo
Alhaitham
Aloy
Amber
Arataki Itto
Arlecchino
Baizhu
Barbara
Beidou
Bennett
Candace
Charlotte
Chasca
Chevreuse
Chiori
Chongyun
Citlali
Clorinde
Collei
Columbina
Cyno
Dahlia
Dehya
Diluc
Diona
Dori
Durin
Émilie
Escoffier
Eula
Faruzan
Fischl
Flins
Fréminet
Furina
Gaming
Ganyu
Gorou
Hu Tao
Iansan
Ifa
Illuga
Ineffa
Jahoda
Jean
Kachina
Kaedehara Kazuha
Kaeya
Kamisato Ayaka
Kamisato Ayato
Kaveh
Keqing
Kinich
Kirara
Klee
Kujou Sara
Kuki Shinobu
Lan Yan
Lauma
Layla
Linnea
Lisa
Lohen
Lynette
Lyney
Mavuika
Mika
Mona
Mualani
Nahida
Navia
Nefer
Neuvillette
Nilou
Ningguang
Noëlle
Nomade
Ororon
Prune
Qiqi
Razor
Rosalia
Sangonomiya Kokomi
Sayu
Sethos
Shenhe
Shikanoin Heizou
Shogun Raiden
Sigewinne
Skirk
Sucrose
Tartaglia
Thomas
Tighnari
Varesa
Varka
Venti
Voyageur/voyageuse
Wriothesley
Xiangling
Xianyun
Xiao
Xilonen
Xingqiu
Xinyan
Yae Miko
Yanfei
Yaoyao
Yelan
Yoimiya
Yumemizuki Mizuki
Yun Jin
Zhongli
Zibai
 
Statistiques - réponses
Réponse % Correct
Collei
81%
Gorou
81%
Kujou Sara
81%
Shikanoin Heizou
81%
Beidou
78%
Candace
78%
Fischl
78%
Kaeya
78%
Mika
78%
Sayu
78%
Yaoyao
78%
Amber
75%
Barbara
75%
Bennett
75%
Diona
75%
Dori
75%
Gaming
75%
Kuki Shinobu
75%
Lynette
75%
Noëlle
75%
Sethos
75%
Sucrose
75%
Xiangling
75%
Xingqiu
75%
Charlotte
72%
Chongyun
72%
Illuga
72%
Kachina
72%
Kirara
72%
Lisa
72%
Rosalia
72%
Thomas
72%
Yanfei
72%
Yun Jin
72%
Aino
69%
Chevreuse
69%
Faruzan
69%
Jahoda
69%
Kaveh
69%
Razor
69%
Fréminet
67%
Lan Yan
67%
Layla
67%
Ororon
67%
Xinyan
67%
Iansan
64%
Ifa
64%
Ningguang
64%
Prune
64%
Dahlia
61%
Aucun quiz correspondant
Distribution des résultats
% des personnes avec chaque résultat
Percentile par nombre de réponses
Votre historique - résultats
Vous n’avez pas pris ce quiz depuis la dernière actualisation